| 000 | 00331nam a2200133Ia 4500 | ||
|---|---|---|---|
| 005 | 20251222153650.0 | ||
| 008 | 251222s9999||||xx |||||||||||||| ||spa|| | ||
| 082 | _a262.5/A49 | ||
| 100 | _aPedro Alvarez Soler | ||
| 245 | 0 | _aVaticano II Documentos Conciliares Completos | |
| 250 | _a1er. ed | ||
| 264 | _bRazon y Fe | ||
| 942 | _cLIB | ||
| 999 |
_c33070 _d33070 |
||